|
|
|
|
| LEADER |
00000nam0a2200000 4500 |
| 001 |
100325 |
| 005 |
20231031112100.0 |
| 010 |
|
|
|a 9986010063
|
| 020 |
|
|
|a RU
|b 95-31878
|
| 035 |
|
|
|a (RuTPU)RU\TPU\book\107929
|
| 090 |
|
|
|a 100325
|
| 100 |
|
|
|a 20060821d1995 m y0rusy5003 ca
|
| 101 |
0 |
|
|a rus
|
| 102 |
|
|
|a LV
|
| 105 |
|
|
|a y z 000ay
|
| 200 |
1 |
|
|a Записки дрянной девчонки
|e Роман
|f Д. М. Асламова
|
| 210 |
|
|
|a Вильнюс
|c Полина
|d 1994
|
| 215 |
|
|
|a 355 с.
|
| 333 |
|
|
|a Исключено из фонда НТБ ТПУ
|
| 700 |
|
1 |
|a Асламова
|b Д. М.
|g Дарья Михайловна
|
| 801 |
|
0 |
|a RU
|b RuMRKP
|c 19960614
|g psbo
|
| 801 |
|
1 |
|a RU
|b 63413507
|c 20060821
|g PSBO
|
| 801 |
|
2 |
|a RU
|b 63413507
|c 20220602
|g PSBO
|
| 942 |
|
|
|c BK
|